WW2 Generals by picture #1 - Statistics

General Stats
  • This quiz has been taken 91 times
  • The average score is 7 of 16
Answer Stats
Picture Answer % Correct
Erwin Rommel
98%
Dwight D. Eisenhower
94%
Sir Bernard Montgomery
93%
Georgy Zhukov
90%
Friedrich Paulus
40%
Chiang Kai-Shek
38%
Giovanni Messe
37%
Konstantin Rokossovsky
33%
Omar Bradley
33%
Tomoyuki Yamashita
33%
Philippe Leclerc
28%
Gerd von Rundstedt
27%
Maurice Gamelin
23%
Pietro Badoglio
20%
Arthur Percival
11%
Iwane Matsui
2%
No matching quizzes found
Score Distribution
Percent of People with Each Score
Percentile by Number Answered
Your Score History
You have not taken this quiz